• 首页
  • 本馆介绍
  • 公告通知
  • 最新文献
  • 馆藏检索
  • 电子资源
  • 读者导购
  • 参考咨询
  • 我的图书馆
  • 登录
  • 详细信息显示
  • 放入我的书架
  • 预约/预借图书
  • 作者相关作品
  • 分类相关作品
  • 丛书相关作品
  • 出版社相关作品

书目信息

  • 表格格式
  • 工作单格式
  • 卡片格式
题名:
死亡情侣
    
 
作者: 东方明 , 柳芽 著
分册:  
出版信息: 上海   上海书店出版社  2004
页数: 275页
开本: 20cm
丛书名:
单 册:
中图分类: I253.1 , I25
科图分类:
主题词: 报告文学--中国--现代 , 刑事犯罪--案例
电子资源:
ISBN: 7-80678-188-9
000 00662nam0 2200241 450
001 1557032306
005 20150127101922.85
010    @a7-80678-188-9@dCNY15.00
100    @a20040706d2004 em y0chiy50 ea
101 0  @achi
102    @aCN@b310000
105    @ay z 000zd
200 1  @a死亡情侣@9si wang qing lv@f东方明,柳芽著
210    @a上海@c上海书店出版社@d2004
215    @a275页@d20cm
606 0  @a报告文学@y中国@z现代
606 0  @a刑事犯罪@x案例
690    @aI253.1@v5
690    @aI25@v4
701  0 @a东方明@9wei zhao quan@f(1950~)@4著
701  0 @a柳芽@9liu ya@c(女,@f1965~)@4著
801  0 @aCN@bTSSF@c20150127
905    @aZUCC@dI25@eJY269
    
    死亡情侣/东方明,柳芽著.-上海:上海书店出版社,2004
    275页;20cm
    
    
    ISBN 7-80678-188-9:CNY15.00
    
●
相关链接 在E读中查询图书 在五车中查询图书 在当当中查询图书 在豆瓣中查询图书


正题名:死亡情侣     索取号:I25/JY269         预约/预借

序号 登录号 条形码 馆藏地/架位号 状态 备注
1 7835504   278355049   学院路分馆/ [索取号:I25/JY269] 在馆    
2 7835505   278355058   学院路分馆/ [索取号:I25/JY269] 在馆    
3 7837958   278379586   学院路分馆/ [索取号:I25/JY269] 在馆    
唐山师范学院图书馆 欢迎您!
大连网信软件有限公司© 版权所有